[Event "Colmenarejo Autumn op 29th"]
[Site "Colmenarejo"]
[Date "2019.09.22"]
[Round "2"]
[White "Buergo Villanueva, Fernando"]
[Black "Hernandez Roca, Carlos"]
[Result "1-0"]
[WhiteElo "1282"]
[BlackElo "1076"]
[PlyCount "101"]
[EventDate "2019.09.15"]
[EventType "swiss"]
[EventRounds "7"]
[EventCountry "ESP"]
[SourceTitle "EXT 2021"]
[Source "ChessBase"]
[SourceDate "2020.10.23"]
[SourceVersion "1"]
[SourceVersionDate "2020.10.23"]
[SourceQuality "1"]

1. d4 Nf6 2. Nf3 g6 3. Bf4 Bg7 4. e3 d6 5. Bd3 0-0 6. 0-0 Nc6 7. c3 Bg4 8. Nbd2 Re8 9. Qb3 Rb8 10. Ng5 e6 11. h3 Bf5 12. Bxf5 gxf5 13. Ngf3 Qd7 14. Qa4 d5 15. Nb3 b6 16. Bg5 Ne4 17. Bh4 Qd6 18. Nbd2 f4 19. Nxe4 dxe4 20. Nd2 fxe3 21. Bg3 exf2+ 22. Rxf2 Qd5 23. Re1 b5 24. Qb3 Qg5 25. Nxe4 Qg6 26. Bxc7 Rb7 27. Nd6 Rc8 28. Nxc8 Rxc7 29. Nd6 a6 30. Ref1 f5 31. c4 Bxd4 32. Nxf5 Bxf2+ 33. Rxf2 exf5 34. cxb5+ Kg7 35. Qc3+ Kh6 36. bxc6 Rxc6 37. Qe3+ Kg7 38. Qe7+ Kh6 39. Qf8+ Qg7 40. Qxf5 Rc1+ 41. Kh2 Qc7+ 42. g3 Qb7 43. Qf4+ Kg7 44. Qxc1 Qb6 45. Qc3+ Kg6 46. Qd3+ Kg7 47. Qf5 Kh6 48. h4 Qg6 49. Qf8+ Kh5 50. Rf5+ Kg4 51. Rg5+ 1-0

[Event "Collado Villalba op-B 34th"]
[Site "Collado Villalba"]
[Date "2017.08.30"]
[Round "9"]
[White "Buergo Villanueva, Fernando"]
[Black "Martin Rodriguez, Jose Luis"]
[Result "1-0"]
[WhiteElo "1265"]
[BlackElo "1291"]
[PlyCount "49"]
[EventDate "2017.08.22"]
[EventType "swiss"]
[EventRounds "9"]
[EventCountry "ESP"]
[SourceTitle "CBM 180 Extra"]
[Source "ChessBase"]
[SourceDate "2017.10.06"]
[SourceVersion "1"]
[SourceVersionDate "2017.10.06"]
[SourceQuality "1"]

1. d4 Nf6 2. Nf3 e6 3. Bg5 h6 4. Bf4 d5 5. h3 Bd6 6. Bh2 Bxh2 7. Rxh2 Qd6 8. Ne5 Nbd7 9. f4 Ne4 10. e3 Ndf6 11. Na3 Bd7 12. Qd3 a6 13. 0-0-0 Nf2 14. Qe2 Nxd1 15. Qxd1 Ba4 16. Qd2 Ne4 17. Qa5 Bd7 18. Nb5 Bxb5 19. Bxb5+ Ke7 20. Be2 Qd8 21. Bh5 Nf6 22. Nxf7 Qd7 23. Qb4+ c5 24. Qxc5+ Ke8 25. Ne5+ 1-0

[Event "Collado Villalba op-B 29th"]
[Site "Collado Villalba"]
[Date "2012.08.25"]
[Round "2"]
[White "Buergo Villanueva, Fernando"]
[Black "De Dompablo Fantova, Juan"]
[Result "0-1"]
[WhiteElo "1292"]
[BlackElo "1669"]
[PlyCount "102"]
[EventDate "2012.08.24"]
[EventType "swiss"]
[EventRounds "9"]
[EventCountry "ESP"]
[SourceTitle "CBM 150 Extra"]
[Source "ChessBase"]
[SourceDate "2012.10.19"]
[SourceVersion "1"]
[SourceVersionDate "2012.10.19"]
[SourceQuality "1"]

1. e4 c5 2. Nc3 d6 3. d4 cxd4 4. Qxd4 Nc6 5. Bb5 Bd7 6. Bxc6 Bxc6 7. Be3 Nf6 8. f3 Qa5 9. Nge2 g6 10. 0-0 Bg7 11. Bd2 Qc7 12. Qc4 Rc8 13. Rfe1 0-0 14. Nd5 Bxd5 15. Qxc7 Rxc7 16. exd5 Rxc2 17. Bc3 Nxd5 18. Bxg7 Kxg7 19. Rab1 Rfc8 20. Nd4 Rd2 21. Nb3 Rdc2 22. Nd4 R2c4 23. Nb3 Kf8 24. h4 Rxh4 25. Rbc1 Rhc4 26. Rxc4 Rxc4 27. Na5 Rc7 28. Rd1 Nf4 29. Nb3 Rc2 30. Rd2 Rxd2 31. Nxd2 d5 32. g3 Nd3 33. b3 e6 34. a4 Ke7 35. f4 Kd6 36. Kf1 e5 37. Ke2 Nb4 38. Nf3 f6 39. fxe5+ fxe5 40. Ng5 h5 41. Nf7+ Ke6 42. Nd8+ Kf5 43. Nxb7 Kg4 44. Kf2 e4 45. Nc5 e3+ 46. Kxe3 Kxg3 47. Ne6 h4 48. Nf4 d4+ 49. Ke4 d3 50. Nxd3 Nxd3 51. Kxd3 h3 0-1